Luyện dịch Việt - Anh

Trích dịch một số bài viết mang tính thời sự liên quan đến các lĩnh vực văn hóa, nghệ thuật, du lịch, điện lực, giao thông công chánh, dược học,...

Zapisane w:
Opis bibliograficzny
1. autor: Hồ, Văn Hòa
Format: Książka
Język:Undetermined
Wydane: Đà Nẵng Nxb. Đà Nẵng 2003
Hasła przedmiotowe:
Etykiety: Dodaj etykietę
Nie ma etykietki, Dołącz pierwszą etykiete!
Thư viện lưu trữ: Trung tâm Học liệu Trường Đại học Cần Thơ
LEADER 00798nam a2200205Ia 4500
001 CTU_228413
008 210402s9999 xx 000 0 und d
082 |a 428.02 
082 |b H401/Q.3 
100 |a Hồ, Văn Hòa 
245 0 |a Luyện dịch Việt - Anh 
245 0 |c Hồ Văn Hòa 
260 |a Đà Nẵng 
260 |b Nxb. Đà Nẵng 
260 |c 2003 
520 |a Trích dịch một số bài viết mang tính thời sự liên quan đến các lĩnh vực văn hóa, nghệ thuật, du lịch, điện lực, giao thông công chánh, dược học,... 
650 |a Tiếng Anh,English language 
650 |x Dịch thuật,Translating 
910 |b nthai 
980 |a Trung tâm Học liệu Trường Đại học Cần Thơ